Tâm lý học sáng tạo

Trình bày những vấn đề chung; Phương pháp nghiên cứu; Bản chất của sáng tạo; Sáng tạo trong các lĩnh vực và trong cuộc sống thường ngày; Cơ sở sinh học và xã hội của sáng tạo; Sáng tạo, trí thông minh, tư duy và sáng tạo; Nhân cách và động c...

ver descrição completa

Na minha lista:
Detalhes bibliográficos
Autor principal: Phạm, Thành Nghị
Outros Autores: Đại học Quốc gia
Formato: Livro
Idioma:Undetermined
Publicado em: H. Đại học quốc gia Hà Nội 2013
Assuntos:
Acesso em linha:http://lrc.tdmu.edu.vn/opac/search/detail.asp?aID=2&ID=24713
Tags: Adicionar Tag
Sem tags, seja o primeiro a adicionar uma tag!
Thư viện lưu trữ: Trung tâm Học liệu Trường Đại học Thủ Dầu Một
LEADER 01164nam a2200217Ia 4500
001 TDMU_24713
008 210410s9999 xx 000 0 und d
082 |a 155.3 
090 |b PH104 
100 |a Phạm, Thành Nghị 
245 0 |a Tâm lý học sáng tạo 
245 0 |c Phạm Thành Nghị 
260 |a H. 
260 |b Đại học quốc gia Hà Nội 
260 |c 2013 
300 |a 359tr. 
520 |a Trình bày những vấn đề chung; Phương pháp nghiên cứu; Bản chất của sáng tạo; Sáng tạo trong các lĩnh vực và trong cuộc sống thường ngày; Cơ sở sinh học và xã hội của sáng tạo; Sáng tạo, trí thông minh, tư duy và sáng tạo; Nhân cách và động cơ sáng tạo; Sáng tạo của tổ chức; Bồi dưỡng năng lực sáng tạo; TM tài liệu tham khảo tr.333-359 
650 |a Tâm lý học sáng tạo 
700 |a Đại học Quốc gia 
856 |u http://lrc.tdmu.edu.vn/opac/search/detail.asp?aID=2&ID=24713 
980 |a Trung tâm Học liệu Trường Đại học Thủ Dầu Một